000 00707nam a2200205Ii 4500
003 JO-AjNU
008 230605s9999||||xx |||||||||||||| ||und||
040 _aJO-AjNU
_bara
_erda
_cJO-AjNU
041 _aara
050 1 4 _aPJ7745.I11.I15.2008
100 3 _aتأليف محمد ، شهاب الدين أحمد؛ تحقيق محمد سعيد العريان,
_eauthor
_926620
245 0 0 _a العقد الفريد
250 _aط1
264 3 1 _aبيروت،لبنان: دار الفكر، 2008
300 _aج2،م2، 464ص
336 _atext
_btxt
_2rdacontent
337 _aunmediated
_bn
_2rdamedia
338 _avolume
_bnc
_2rdacarrier
650 4 _aالأدب العربي -- مجموعات
_926621
999 _aA10108
_c13676
_d13676